00656nam a22001817a 450000500170000001000150001702000260003203500140005803700130007208200080008510000310009324501340012426000380025827000630029630000340035950000500039370000310044320171107101111.0 aENG-121209 a9788179663622c450.00 aEN-104741 bDBAD/PUB a822 aThangapandian, Thamizhachi aIsland to Island :cby Thamizhachi Thangapandianbthe voiuce of Sri Lankan Australian Plawright Ernest Thalayasingham Macintyre / aChennaibEmerald Publishersc201? a15A, First Floor, Case Major Road, EgmorebChennaie600008 axxi, 399p. :c23cm (Hb)bill. aIncludes bibliographical references and index aThangapandian, Thamizhachi